1459 1112 1466 1250 1270 1447 1264 1916 1785 1529 1589 1192 1696 1046 1108 1682 1096 1082 1858 1212 1595 1874 1706 1229 1560 1075 1710 1689 1136 1557 1609 1813 1032 1267 1229 1016 1137 1684 1681 1333 1670 1389 1676 1785 1814 1057 1580 1127 1766 1503 1874 1820 1410 1855 1416 1331 1596 1465 1799 1084 1591 1035 1012 1785 1557 1774 1807 1441 1095 1308 1484 1597 1361 1351 1311 1772 1578 1074 1970 1368 1146 1957 1735 1170 1694 1342 1119 1256 1000 1640 1044 1215 1219 1211 1148 1715 1722 1247 1069 BCNSPRNW ULIB Ver.6.0+V

เปลี่ยนเป็นภาษาไทย

Change to English
 แสดงรายละเอียดบรรณานุกรม
  กลับหน้าหลัก

Brief Record : Get Marc (ISO 2709) : E-mail record : QR code < ปิดหน้าต่าง
LEADER : 00000nam 2200000uu 4500
001    13399109608
003     ULIB
008    110308s2552||||th 000 0 tha d
020    9786165311526
060  4 WB520^bป524ก 2552
100 0  ปัญญา ไพศาลอนันต์
245 00 น้ำ โอสถทิพย์พิชิตโรค/^cปัญญา ไพศาลอนันต์
260    กรุงเทพฯ:^bแบงค์คอกบุ๊คส์,^c2552
300    63 หน้า:^bภาพประกอบ
650  7 น้ำ
650  7 ประโยชน์ของน้ำ
945    ^p59^l0^i027112
945    ^p59^l0^i027111
995    ทศพร
999 ^a ใช้งานได้ทุกระบบ
รายการนี้ยังไม่มีแท็ก
คุณยังไม่ได้ล็อกอิน คุณสามารถมีกิจกรรมร่วมกับเว็บไซต์ได้ แต่ต้องล็อกอินก่อน ::
  ล็อกอิน

รายการสื่อสารสนเทศ

ลำดับที่ ประเภท เลขเรียก/บาร์โค้ด สถานที่ สถานะ
- ไม่พบข้อมูล -

รายการใกล้เคียง
    ผู้แต่ง [ปัญญา ไพศาลอนันต์]

    หัวเรื่อง [น้ำ]
    หัวเรื่อง [ประโยชน์ของน้ำ]

BibComment


ยังไม่เคยถูกคอมเมนท์

คอมเมนท์ทรัพยากรรายการนี้
  คอมเมนท์: น้ำ โอสถทิพย์พิชิ..


 Copyright 2026. Bcnsprnw @Library